000 00689nam a22002057a 4500
999 _c9456
_d9456
003 AR-CdUCM
008 190328b ||||| |||| 00| 0 spa d
020 _a978-607-618-038-9
040 _aMUNICIPALIDAD PROVINCIAL DEL CUSCO
_cBIBLIOTECA MUNICIPAL DEL CUSCO
082 _aSI-0077 /
_bPLE / mun
100 _aPledger, Maurice
_925658
245 _aEl mundo de la selva :
_blibro de calcomanías /
260 _aMéxico :
_bAdvanced marketing,
_c2013.
300 _a45 páginas ;
_bIlustraciones, calcomanías.
_c28 cm.
650 _aLibro infantil
_924758
650 _aMaterial didáctico
_910701
700 _aAlba, Arlette de (traductora)
_925659
942 _2ddc
_cLIBROS
945 _aafb